Märchen der Gebrüder Grimm - Statistiken

Allgemein
  • Dieses Quiz wurde 1.686 mal gespielt
  • Das Durchschnittsergebnis liegt bei 9 aus 16
Antwortstatistiken
Zitat Märchen % Korrekt
"Aber, Großmutter, was hast du für ein entsetzlich großes Maul!" Rotkäppchen
99%
"Spieglein, Spieglein an der Wand, wer ist die Schönste im ganzen Land?" Schneewittchen
97%
"Zieh lieber mit uns fort, wir gehen nach Bremen, etwas Besseres als den Tod findest du überall." Die Bremer Stadtmusikanten
87%
"Knusper, knusper, Knäuschen, wer knuspert an meinem Häuschen?" Hänsel und Gretel
86%
"Heute back ich, morgen brau ich, übermorgen hol ich der Königin ihr Kind!" Rumpelstilzchen
83%
"Die Königstochter soll sich in ihrem fünfzehnten Jahr an einer Spindel stechen und tot hinfallen." Dornröschen
80%
"Kikeriki, unsere goldene Jungfrau ist wieder hie!" Frau Holle
63%
"Was rumpelt und pumpelt in meinem Bauch herum?" Der Wolf und die sieben Geißlein
56%
Als es abzog und zählte, so lagen nicht weniger als sieben vor ihm tot und streckten die Beine. Das tapfere Schneiderlein
54%
"Ich bin so satt, ich mag kein Blatt: meh! meh!" Tischchen deck dich
43%
Und als es noch eine Weile gegangen war, kam wieder ein Kind und hatte kein Leibchen an und fror: da gab es ihm seins Die Sterntaler
41%
"Bäumchen, rüttel dich und schüttel dich, wirf Gold und Silber über mich!" Aschenputtel
39%
"Heinrich, der Wagen bricht!" Der Froschkönig
34%
"Was macht mein Kind? Was macht mein Reh?" Brüderchen und Schwesterchen
32%
"Da hast du etwas Gold vom König, der dich grüßen lässt und sich für die Rebhühner bei dir bedankt." Der gestiefelte Kater
29%
"Ich schleife die Schere und drehe geschwind, und hänge mein Mäntelchen nach dem Wind.' Hans im Glück
14%
Keine übereinstimmenden Quizze gefunden
Verteilung der Resultate
Anzahl Personen mit jedem Resultat
Perzentil nach korrekt beantworteten Fragen
Ihre Resultats-Entwicklung
Sie haben dieses Quiz noch nicht gespielt